[Event "22nd Oberwarter Open"]
[Site "Oberwart (Austria)"]
[Date "2000.07.16"]
[Round "9.27"]
[White "MAYR, Thomas"]
[Black "WOHLFAHRT, Herbert"]
[Result "0-1"]
[WhiteElo "2059"]
[BlackElo "2284"]
[PlyCount "70"]
[EventDate "2000.07.16"]

1. e4 c5 2. Ne2 d6 3. c4 e5 4. d3 g6 5. g3 Bg7 6. Bg2 Ne7 7. O-O O-O 8. Nbc3
Nbc6 9. f4 exf4 10. Bxf4 a6 11. Qd2 Rb8 12. Bh6 b5 13. Bxg7 Kxg7 14. b3 Ne5 15.
Kh1 Be6 16. cxb5 axb5 17. d4 cxd4 18. Nxd4 Qd7 19. Nxe6+ fxe6 20. Bh3 Ng8 21.
Nd5 Rbe8 22. Rxf8 Rxf8 23. Rc1 Rc8 24. Rd1 Re8 25. Nf4 Nf7 26. Qc3+ Nf6 27. Nd5
Ne5 28. Nxf6 Kxf6 29. Qd4 Rd8 30. Rf1+ Kg7 31. Rd1 g5 32. Qe3 h6 33. Bf1 Nc4
34. Qc3+ e5 35. Rc1 Nb6 {Klappe} 0-1

[Event "22nd Oberwarter Open"]
[Site "Oberwart (Austria)"]
[Date "2000.07.16"]
[Round "9.28"]
[White "ZSIFKOVITS, Robert"]
[Black "WALDMANN, Ivan"]
[Result "1/2-1/2"]
[WhiteElo "2132"]
[BlackElo "2278"]
[PlyCount "56"]
[EventDate "2000.07.16"]

1. e4 c5 2. Nf3 e6 3. d4 cxd4 4. Nxd4 a6 5. Nc3 Qc7 6. Be2 d6 7. O-O Be7 8. Kh1
Nf6 9. f4 O-O 10. Qe1 b5 11. Bd3 Nbd7 12. Qg3 Bb7 13. a3 Rfe8 14. Bd2 Bf8 15.
Rae1 g6 16. f5 Bg7 17. fxg6 fxg6 18. Nf3 Nh5 19. Qh3 Ne5 20. Ng5 Qe7 21. Rf2 h6
22. Nf3 Rf8 23. Ref1 Nf4 24. Bxf4 Rxf4 25. Nxe5 Rxf2 26. Rxf2 dxe5 27. Qg3 Kh7
28. Qe3 Rf8 {.} 1/2-1/2

[Event "22nd Oberwarter Open"]
[Site "Oberwart (Austria)"]
[Date "2000.07.16"]
[Round "9.29"]
[White "SULYOK, Michael"]
[Black "WERNDL, Erich"]
[Result "1-0"]
[WhiteElo "2272"]
[BlackElo "2165"]
[PlyCount "59"]
[EventDate "2000.07.16"]

1. c4 Nf6 2. Nc3 c5 3. Nf3 d5 4. cxd5 Nxd5 5. e4 Nb4 6. Bc4 Nd3+ 7. Ke2 Nxc1+
8. Rxc1 Nc6 9. Qb3 e6 10. Bb5 Be7 11. Na4 O-O 12. Bxc6 bxc6 13. Nxc5 Qa5 14.
Qc3 Qb5+ 15. d3 Bxc5 16. Qxc5 Qxb2+ 17. Rc2 Qf6 18. Rb1 {#} 18... Ba6 19. Qa5
Bc8 20. Rxc6 Bd7 21. Rc7 Rfd8 22. Rbb7 Be8 23. Rxa7 Rxa7 24. Rxa7 Qb2+ 25. Qd2
Qb6 26. Ra3 Bb5 27. Ne1 Qd4 28. f3 Rc8 29. Rb3 Qe5 30. Qb2 1-0

[Event "22nd Oberwarter Open"]
[Site "Oberwart (Austria)"]
[Date "2000.07.16"]
[Round "9.30"]
[White "LOEBLER, Heimo"]
[Black "HAMBERGER, Hermann"]
[Result "0-1"]
[WhiteElo "2264"]
[BlackElo "2159"]
[PlyCount "78"]
[EventDate "2000.07.16"]

1. d4 Nf6 2. c4 c5 3. d5 b5 4. cxb5 a6 5. b6 d6 6. Nc3 g6 7. e4 Bg7 8. Nf3 Nbd7
9. Be2 O-O 10. O-O Nxb6 11. a4 Rb8 12. a5 Nbd7 13. Nd2 Ne8 14. Nc4 Nc7 15. Na3
Nf6 16. f4 e6 17. dxe6 Nxe6 18. Nc2 Bb7 19. Bf3 Nc7 20. g4 d5 21. e5 Ne4 22. g5
Nxc3 23. bxc3 Nb5 24. Bb2 Nc7 25. Qd2 Qe7 26. Ne3 Rfd8 27. Qg2 d4 28. cxd4 Bxf3
29. Rxf3 cxd4 30. Ng4 Qe6 {#} 31. Rd1 Rxb2 32. Qxb2 Qxg4+ 33. Kf2 Ne6 34. Qd2
Nc5 35. Qe2 Qf5 36. h3 Bf8 37. Qc4 d3 38. Kg2 Rb8 39. Kg3 Rb2 0-1

[Event "22nd Oberwarter Open"]
[Site "Oberwart (Austria)"]
[Date "2000.07.16"]
[Round "9.34"]
[White "HOFBAUER, Peter"]
[Black "ELFERT, Aleksandr"]
[Result "0-1"]
[WhiteElo "2052"]
[BlackElo "2412"]
[PlyCount "90"]
[EventDate "2000.07.16"]

1. e4 e5 2. Nf3 Nf6 3. Nxe5 d6 4. Nf3 Nxe4 5. d4 d5 6. Bd3 Bd6 7. O-O O-O 8. c4
c6 9. Nc3 Nxc3 10. bxc3 dxc4 11. Bxc4 Bg4 12. Re1 Nd7 13. h3 Bh5 14. Be2 Qa5
15. Bd2 Rfe8 16. Qc2 Nf6 17. c4 Qc7 18. Rad1 Ne4 19. Bc1 Bb4 {#} 20. Nd2 Bxe2
21. Rxe2 Nc3 22. Rxe8+ Rxe8 23. Rf1 Ne2+ 24. Kh1 Nxd4 25. Qb2 Bc5 26. Qc3 Ne2
27. Qf3 Nxc1 28. Rxc1 Qe5 29. Nb3 Qb2 30. Rd1 Qxf2 31. Nxc5 Qxc5 32. Qd3 g6 33.
Rf1 h5 34. Rd1 b5 35. cxb5 cxb5 36. Rb1 a6 37. a4 bxa4 38. Qxa6 a3 39. Rd1 Re3
40. Qf6 Re8 41. Rf1 Qc4 42. Ra1 a2 43. Qb2 Re2 44. Qf6 Qe4 45. Qf1 Rb2 0-1

[Event "22nd Oberwarter Open"]
[Site "Oberwart (Austria)"]
[Date "2000.07.16"]
[Round "9.35"]
[White "MOSER, Eva"]
[Black "FRUEHAUF, Norbert"]
[Result "1/2-1/2"]
[WhiteElo "2332"]
[BlackElo "2102"]
[Annotator "FRITZ 6"]
[PlyCount "75"]
[EventDate "2000.07.16"]

1. g3 Nf6 2. Bg2 g6 3. e4 d6 4. d4 Bg7 5. Ne2 O-O 6. O-O Nbd7 7. c4 e5 8. d5
Nh5 9. Nec3 Bf6 10. Bh6 Ng7 11. f4 exf4 12. gxf4 Re8 13. Nd2 Nf8 14. Qf3 Bd4+
15. Kh1 Qh4 16. Bg5 Qh5 17. Qxh5 Nxh5 18. Nb5 Bb6 19. c5 {#} 19... Bd7 20. Nxd6
cxd6 21. cxb6 f6 22. Bh6 axb6 23. Bf3 Bb5 24. Rfc1 Re7 25. Nc4 Bxc4 26. Rxc4
Ng7 27. Rac1 Nd7 28. Rc8+ Rxc8 29. Rxc8+ Kf7 30. b4 Ne8 31. Rc4 (31. a4 b5 32.
a5 $18) 31... b5 32. Rc2 Nb6 33. h4 Rc7 34. Re2 Rc3 35. Bg4 Nc7 36. h5 Nc4 37.
Rh2 Ne3 38. hxg6+ $17 1/2-1/2